International migration in the Pacific, Sri Lanka and Thailand (Record no. 15920)
[ view plain ]
| 000 -LEADER | |
|---|---|
| fixed length control field | 00659nam a2200181Ia 4500 |
| 082 ## - DEWEY DECIMAL CLASSIFICATION NUMBER | |
| Classification number | 304.82095 INT; |
| 245 #0 - TITLE STATEMENT | |
| Title | International migration in the Pacific, Sri Lanka and Thailand |
| 260 ## - PUBLICATION, DISTRIBUTION, ETC. (IMPRINT) | |
| Place of publication | Bangkok |
| Name of publisher | Economic and Social Commission for Asia |
| Year of publication | 1985 |
| 300 ## - PHYSICAL DESCRIPTION | |
| Number of Pages | 88p. |
| 440 ## - SERIES STATEMENT/ADDED ENTRY--TITLE | |
| Title | Asian population studies series; 64 |
| 504 ## - BIBLIOGRAPHY, ETC. NOTE | |
| Bibliography, etc | Includes bibliography |
| 650 ## - SUBJECT ADDED ENTRY--TOPICAL TERM | |
| Topical Term | International migration |
| 650 ## - SUBJECT ADDED ENTRY--TOPICAL TERM | |
| Topical Term | Asia Pacific Region - Emigration and immigration - Economic aspects |
| 650 ## - SUBJECT ADDED ENTRY--TOPICAL TERM | |
| Topical Term | Asia Pacific Region - Emigration and immigration - Social aspects |
| 650 ## - SUBJECT ADDED ENTRY--TOPICAL TERM | |
| Topical Term | Economic development |
| 650 ## - SUBJECT ADDED ENTRY--TOPICAL TERM | |
| Topical Term | Alien labor - Asia Pacific Region |
| 942 ## - ADDED ENTRY ELEMENTS (KOHA) | |
| Koha item type | Books |
| Withdrawn status | Lost status | Damaged status | Not for loan | Home library | Current library | Date acquired | Bill Date | Full call number | Accession Number | Price effective from | Koha item type |
|---|---|---|---|---|---|---|---|---|---|---|---|
| NASSDOC Library | NASSDOC Library | 08/06/2004 | 2004-10-22 | 304.82095 INT; | 28328 | 18/04/2019 | Books |
